000 00398nam a22001697a 4500
003 MPLRDC
005 20220104113824.0
008 210129b ||||| |||| 00| 0 eng d
082 _a848.2 SMZY-11
100 _a司马中原著
245 _a乡思井
_c
260 _a
_b皇冠出版社
_c
300 _b
490 _a皇冠丛书;529
650 _a现代别集
942 _cBK
_o848.2 SMZY-11
999 _c2626
_d2616